00856 2200301 4500001002100000005001500021035002000036007000300056040001700059100003200076245009600108250001200204300003900216020002200255041000800277082001200285084001800297090002100315264003700336336002100373337003000394338002300424650001000447850001000457008004100467504002400508990002200532INLIS00000000000862720260518013031 a0010-1022000002ta aSBPUPADbind0 aHeriyanto AtmojoePengarang1 aTradisonal Batik of Kauman,Solo :bAn Exotic,Timeless Cultural Heritage /cHeriyanto Atmojo a.-Cet.1 a110 hlm :bilus. ;c21,5 x 30,5 cm a978-979-045-109-4 aind a746.662 a746.662 HER t a813 BAG m L24-12 a.--Solo :bTiga Serangkai,c2009 2rdacontentateks 2rdamediaatanpa perantara 2rdacarrieravolume 4aBatik aPUPAD260518 0  aBibliografi,hlm 110 a23.713/H/DPK/2017